| 000 | 00362nam a2200145Ia 4500 | ||
|---|---|---|---|
| 005 | 20250603145614.0 | ||
| 008 | 250603s9999 xx 000 0 und d | ||
| 245 | 0 | _aProportional representation : new electoral system for Nigeria | |
| 260 | _aAbuja | ||
| 260 | _bElectoral reform network | ||
| 260 | _c2005 | ||
| 300 | _a20 p | ||
| 650 | _aAbuja | ||
| 942 | _cBK | ||
| 999 |
_c42327 _d42327 |
||